00973nam a2200229 i 450000100060000000300090000600500170001500700030003200800410003510000370007624502070011326000350032030000540035565000250040965000260043470000260046070000300048671000660051685200220058299900170060495201220062141717ES-MaACL20251015063054.0t|030311s1962 sp ||||1| spa d0 aCassou, Jean, d1897-198693637810aGenésis del siglo XX / cJean Cassou, Emile Langui, Nikolans Pevsner ; publicado bajo los auspicios del Consejo de Cooperación Cultural con motivo de la VI Exposición de Arte de Consejo de Europa. aBarcelona : bSalvat, c[1962] a363 p., LII lám. : b102 lám., il. ; c35 cm.00aArte-yS.XIX9233576 7aArte-yS.XX291419161 aLangui, Emile.9700761 aPevsner, Nikolaus.9915832 aConsejo de Europa. bConsejo de Cooperación Cultural.93187 aES-MaACLjC-24263 c41717d41717 00104070aATENEOMbATENEOMcDEPO2d2008-01-17eSCl0oC-24263p1043917r2023-02-23 00:00:00w2023-02-23yMONOGRAFIA